00891cam a22002537a 4500003000500000005001700005008004100022010001000063011001000073035001000083040000900093082001600102100002400118245010400142260007900246300001800325490007900343650003600422650002400458650003100482650002100513700002400534830007900558CHAP20220329134104.0971013s1967 r 00010 d a15221 a16193 a20271 cCHAP a631.586bG700aGreen, Christine R.13aAn evaluation of precipitacion, vegetation and related factors on the Santa Rita Experimental Range a(Tucson) :bUniversity of Arizona. Institute of Atmospheric Physics,c1967 a82 h.b: ilus 0aTechnical reports on the meteorology and climatology of arid regionsv; 1714aLluviaxEfecto en vegetación.14aLluviaxMedición.14aLluviaxRegiones áridas.14aSuelosxHumedad.0 aMartín, S. Clark.0 aTechnical reports on the meteorology and climatology of arid regionsv; 17